00998cam a2200229 a 450000100100000000500170001000800410002702000150006804000250008308200210010824501280012926001140025730000210037149000500039250400820044260000740052465000290059865000300062770000330065770000280069083000500071800000281620200929150250.0971114s1997 cr b 001 0 spa  a9968984604 aDO-SdBNPbspacBNPHU aCr801.953bP967i00aProtestas, interrogantes y agonías en la obra de Rima de Vallbona /cJuana Alcira Arancibia, Luis A. Jimémez, editores. aWestminster, CA :bInstituto Literario y Cultural Hispánico ;aSan José, Costa Rica :bPerro Azul,c1997. a434 p. ;c22 cm.1 aLa mujer en la literatura hispánica ;vv. 3 a"Bibliografía de y sobre Rima de Vallbona / Luis A. Jiménez": p. 411-432.14aROTHE DE VALLBONA, RIMA GRETCHENd1931-xCRÍTICA E INTERPRETACIÓN 4aMujeres en la literatura 4aLiteratura costarrinsense1 aArancibia, Juana Alciraeed.1 aJiménez, Luis A.eed. 3aLa mujer en la literatura hispánica ;vv. 3